| 000 | 00755cam a2200253 4500500 | ||
|---|---|---|---|
| 005 | 20260405000310.0 | ||
| 041 | _afre | ||
| 042 | _adc | ||
| 100 | 1 | 0 |
_aCyrulnik, Boris _eauthor |
| 700 | 1 | 0 |
_aLegros, Martin _eauthor |
| 245 | 0 | 0 | _aBoris Cyrulnik « J’ai besoin de l’autre pour devenir moi-même » |
| 260 | _c2006. | ||
| 500 | _a57 | ||
| 690 | _aAnimal | ||
| 690 | _aAnthropologie | ||
| 690 | _aDarwin | ||
| 690 | _aÉthologie | ||
| 690 | _aÊtres vivants | ||
| 690 | _aÉvolution | ||
| 690 | _aGrands Singes | ||
| 690 | _aHomme | ||
| 786 | 0 | _nPhilosophie magazine | 2 | 6-7 | 2006-07-01 | p. 15-16 | 1951-1787 | |
| 856 | 4 | 1 | _uhttps://shs.cairn.info/magazine-philosophie-magazine-2006-6-7-page-15?lang=fr&redirect-ssocas=7080 |
| 999 |
_c2035683 _d2035683 |
||